Normal view
MARC view
- القانون التجاري
Entry Topical Term
001 - CONTROL NUMBER
- control field: 32434
003 - CONTROL NUMBER IDENTIFIER
- control field: JO-AjAnu
005 - DATE AND TIME OF LATEST TRANSACTION
- control field: 20230606075442.0
008 - FIXED-LENGTH DATA ELEMENTS
- fixed length control field: 230606|| aca||aabn | a|a d
040 ## - CATALOGING SOURCE
- Original cataloging agency: JO-AjAnu
- Transcribing agency: JO-AjAnu
150 ## - HEADING--TOPICAL TERM
- Topical term or geographic name entry element: القانون التجاري
670 ## - SOURCE DATA FOUND
- Source citation: Work cat.: (JO-AjAnu)16661: حمد الله ، حمد الله محمد, author 32433, الوسيط فى القانون التجاري: الاعمال التجارية -- التاجر -- الشركات التجارية